00324nam a2200121Ia 4500008004100000041000800041082001700049100002000066245003900086260004100125300001900166999001700185241015s9999 xx 000 0 und d aeng a658.4012 TAY aIsabelle Taylor aEssentials Of Strategic Management bMurphy & Moore PublishingaUSAc2021 a241;. P. 26 cm c41594d41594